Contabilidade pública no governo federal : (Record no. 782)

MARC details
000 -LÍDER
Campo Fixo de Controle 00907nam a2200253 a 4500
001 - NÚMERO DE CONTROLE
Campo de Controle 782
003 - IDENTIFICAÇÃO DO NÚMERO DE CONTROLE
Campo de Controle BR-CuiBMT
005 - DATA E HORA DA ÚLTIMA ATUALIZAÇÃO
Campo de Controle 20231117161135.0
008 - DADOS FIXOS
Dados Fixos 231117s2008 spba 001 0 por d
020 ## - INTERNATIONAL STANDARD BOOK NUMBER
Nº do ISBN 9788522449729
040 ## - AGÊNCIA CATALOGADORA
Código da Agência Catalogadora BR-CuiBMT
Agência que transcreveu o registro BR-CuiBMT
080 ## - Nº DA CLASSIFICAÇÃO DECIMAL UNIVERSAL
Nº edição CDU 2007
Nº Class. CDU 657:336.1
090 ## - NÚMERO DE CHAMADA
Nº classificação 657:336.1
Cutter C355c
Ano/Edição 2. ed.
100 1# - ENTRADA PRINCIPAL -- AUTOR PESSOAL
Nome pessoal Castro, Domingos Poubel de
245 10 - TÍTULO PRINCIPAL
Título principal Contabilidade pública no governo federal :
Subtítulo guia para reformulação do ensino e implantação da lógica do SIAFI nos governos municipais e estaduais com utilização do Excel
Indicação de responsabilidade Domingos Poubel de Castro , Leice Maria Garcia.
250 ## - EDIÇÃO
Edição 2. ed.
260 ## - PUBLICAÇÃO, DISTRIBUIÇÃO, ETC.
Local de publicação São Paulo :
Editora Atlas,
Data 2008.
300 ## - DESCRIÇÃO FÍSICA
N. páginas ou volumes 394 p. :
Ilustrações il. color. ;
Dimensões 24 cm
504 ## - NOTA DE BIBLIOGRAFIA, ETC.
Nota de bibliografia Inclui bibliografia e índice.
650 ## - ASSUNTO TÓPICO
Cabeçalho tópico ou nome geográfico Contibilidade pública
Subdivisão geográfica Brasil
650 ## - ASSUNTO TÓPICO
Cabeçalho tópico ou nome geográfico Governo federal
Subdivisão geográfica Brasil
700 1# - ENTRADA SECUNDÁRIA -- NOME PESSOAL
Nome pessoal Garcia, Leice Maria
942 ## - ELEMENTOS DE ENTRADA ADICIONAIS (KOHA)
Fonte de classificação ou esquema de arquivamento Classificação Decimal Universal
Tipo de item do Koha Livros
Holdings
Estado: removido Estado: perdido Fonte de classificação ou esquema de arquivamento Estado: danificado Indisponível para empréstimo Localização permanente Localização atual Data de aquisição Total Checkouts Número de Chamada completo Código de barras Date last seen Número do exemplar Preço efetivo a partir de Tipo de item (Koha)
    Classificação Decimal Universal     Biblioteca da Escola Superior de Contas do TCE/MT Biblioteca da Escola Superior de Contas do TCE/MT 02/04/2013   657:336.1 C355c 2. ed. BIBTCEMT23110696 17/11/2023 Ex. 1 17/11/2023 Livros

Powered by Koha